[Event "Benidorm 2010 - Sub-2300"]
[Site "Benidorm ESP"]
[Date "2010.12.04"]
[Round "2.2"]
[White "Recuero Guerra, Javier"]
[Black "Turcu, Iulian"]
[Result "1-0"]
[WhiteElo "2287"]
[BlackElo "2177"]
[PlyCount "109"]
[EventDate "2010.12.03"]
[EventType "tourn"]
[EventRounds "10"]
[EventCountry "ESP"]
[Source "lmi"]
[SourceDate "2010.12.03"]

1. Nf3 Nf6 2. g3 d5 3. Bg2 c6 4. O-O Bf5 5. d3 Nbd7 6. c4 dxc4 7. dxc4 Nc5 8.
Nc3 Qxd1 9. Rxd1 Nfe4 10. Nxe4 Bxe4 11. b3 e6 12. Bb2 a5 13. Rd2 Rg8 14. Rad1
Be7 15. h4 Rd8 16. Bc3 Rxd2 17. Rxd2 Bd8 18. Be5 Na6 19. Bc3 Nc5 20. Bd4 Be7
21. Be3 h6 22. Ne5 Bxg2 23. Kxg2 g5 24. h5 Ne4 25. Rd3 Bc5 26. f3 Bxe3 27. fxe4
Bc5 28. Rf3 g4 29. Rf4 Be3 30. Rxg4 Rxg4 31. Nxg4 Bg5 32. e5 Kf8 33. Kf3 Kg7
34. Ke4 Be7 35. Kd4 b6 36. Ke4 Bd8 37. Nh2 Bc7 38. Nf3 c5 39. g4 Bd8 40. Kd3
Bc7 41. Kc3 Bd8 42. Kb2 f6 43. exf6+ Kxf6 44. Ka3 Ke7 45. Ka4 Kd6 46. Kb5 Kc7
47. Ne5 Bg5 48. e4 Bf4 49. Nf7 Be3 50. g5 hxg5 51. h6 g4 52. h7 g3 53. h8=Q g2
54. Qd8+ Kb7 55. Nd6+ 1-0

[Event "Benidorm 2010 - Sub-2300"]
[Site "Benidorm ESP"]
[Date "2010.12.04"]
[Round "2.3"]
[White "Martinez Rodriguez, Pablo"]
[Black "Finol Berrueta, David Emmanuel"]
[Result "1/2-1/2"]
[WhiteElo "2286"]
[BlackElo "2175"]
[PlyCount "46"]
[EventDate "2010.12.03"]
[EventType "tourn"]
[EventRounds "10"]
[EventCountry "ESP"]
[Source "lmi"]
[SourceDate "2010.12.03"]

1. Nf3 Nf6 2. c4 g6 3. Nc3 Bg7 4. g3 d6 5. Bg2 O-O 6. O-O Nc6 7. d3 e5 8. Rb1
a5 9. a3 Nh5 10. b4 axb4 11. axb4 Ne7 12. b5 f5 13. Bg5 Nf6 14. Qd2 Be6 15. Ra1
Qd7 16. Bh6 c6 17. bxc6 bxc6 18. Bxg7 Kxg7 19. c5 Rfb8 20. Rxa8 Rxa8 21. Qb2
Qc7 22. Ng5 Bg8 23. cxd6 Qxd6 1/2-1/2

[Event "Benidorm 2010 - Sub-2300"]
[Site "Benidorm ESP"]
[Date "2010.12.04"]
[Round "2.4"]
[White "Lada, Ireneusz"]
[Black "Diogo, Vasco"]
[Result "1/2-1/2"]
[WhiteElo "2165"]
[BlackElo "2285"]
[PlyCount "153"]
[EventDate "2010.12.03"]
[EventType "tourn"]
[EventRounds "10"]
[EventCountry "ESP"]
[Source "lmi"]
[SourceDate "2010.12.03"]

1. c4 Nf6 2. Nc3 g6 3. Nf3 Bg7 4. g3 d6 5. Bg2 O-O 6. O-O e5 7. d3 c6 8. Rb1 a5
9. a3 Re8 10. e4 h6 11. Ne1 Bg4 12. Bf3 Be6 13. Nc2 Na6 14. Ne3 Nc7 15. b4 axb4
16. Rxb4 Bc8 17. Rb1 Ne6 18. Nc2 Nd7 19. Bg2 f5 20. exf5 gxf5 21. Qh5 Nf6 22.
Qh4 Nf8 23. Bxh6 Re7 24. Qg5 Ne6 25. Qd2 Bxh6 26. Qxh6 Rh7 27. Qd2 Qe8 28. h3
Qg6 29. d4 f4 30. dxe5 dxe5 31. Rfe1 Rh5 32. Ne4 Nxe4 33. Bxe4 Qf6 34. Qe2 Rg5
35. g4 Qh6 36. f3 Qxh3 37. Qh2 Qxh2+ 38. Kxh2 Nc5 39. Bf5 Bxf5 40. Rxe5 Nd3 41.
Rxf5 Rxf5 42. gxf5 Nc5 43. Kh3 Kf7 44. Kg4 Kf6 45. Kxf4 Ra4 46. Ne3 Rxa3 47.
Ng4+ Kf7 48. Rh1 Kg7 49. f6+ Kg8 50. Nh6+ Kh7 51. Ng4+ Kg8 52. Ne5 Nd3+ 53.
Nxd3 Rxd3 54. Rb1 Rd7 55. Kf5 Kf7 56. Rg1 Rd3 57. Rg7+ Kf8 58. f4 b5 59. Rc7
bxc4 60. Rxc6 c3 61. Rc7 Re3 62. Kg6 Rg3+ 63. Kf5 Re3 64. Kg4 Rd3 65. f5 Re3
66. Kf4 Rd3 67. Ke4 Rh3 68. Kd4 Rf3 69. Ke4 Rh3 70. Ke5 Re3+ 71. Kf4 Rd3 72. f7
c2 73. Ke5 Rd7 74. Rxc2 Kxf7 75. Rh2 Re7+ 76. Kf4 Re1 77. Rh7+ 1/2-1/2

[Event "Benidorm 2010 - Sub-2300"]
[Site "Benidorm ESP"]
[Date "2010.12.04"]
[Round "2.5"]
[White "Torres Ventosa, Pedro Eugenio"]
[Black "Stoeckmann, Helmut"]
[Result "1-0"]
[WhiteElo "2277"]
[BlackElo "2174"]
[PlyCount "95"]
[EventDate "2010.12.03"]
[EventType "tourn"]
[EventRounds "10"]
[EventCountry "ESP"]
[Source "lmi"]
[SourceDate "2010.12.03"]

1. e4 c5 2. Nf3 e6 3. c3 Nf6 4. e5 Nd5 5. Bc4 Nc6 6. O-O Be7 7. d4 Nb6 8. Bb3
cxd4 9. cxd4 d5 10. Nc3 O-O 11. Bc2 Bd7 12. Re1 a6 13. a3 Rc8 14. g3 Na7 15. h4
Nb5 16. Qd3 g6 17. Bh6 Re8 18. Ng5 Bf8 19. Bxf8 Rxf8 20. a4 Nxc3 21. bxc3 Nc4
22. Kg2 b5 23. Rh1 f5 24. axb5 axb5 25. f4 h6 26. Nf3 Nb2 27. Qd2 Nc4 28. Qe2
Qe7 29. Bd3 Ra8 30. Bxc4 dxc4 31. d5 exd5 32. Nd4 b4 33. e6 Ba4 34. h5 g5 35.
fxg5 Qxg5 36. e7 Rfe8 37. Qe6+ Kh8 38. Nxf5 bxc3 39. Rhf1 d4 40. Qxc4 Bc2 41.
Qxd4+ Kh7 42. Rxa8 Rxa8 43. Ne3 Qxe7 44. Nxc2 Ra2 45. Qd3+ Kh8 46. Qxc3+ Kh7
47. Qd3+ Kh8 48. Qg6 1-0

[Event "Benidorm 2010 - Sub-2300"]
[Site "Benidorm ESP"]
[Date "2010.12.04"]
[Round "2.6"]
[White "Grigoriev, Ivan"]
[Black "Alcaraz Ortega, Javier"]
[Result "0-1"]
[WhiteElo "2159"]
[BlackElo "2274"]
[PlyCount "40"]
[EventDate "2010.12.03"]
[EventType "tourn"]
[EventRounds "10"]
[EventCountry "ESP"]
[Source "lmi"]
[SourceDate "2010.12.03"]

1. g3 g6 2. Bg2 Bg7 3. c4 d6 4. Nc3 c6 5. e4 e5 6. Nge2 Nf6 7. O-O O-O 8. d3
Nbd7 9. h3 Nb6 10. f4 Re8 11. g4 exf4 12. Bxf4 Be6 13. Qc1 h5 14. gxh5 Nxh5 15.
Bg5 Qd7 16. Qe3 d5 17. c5 d4 18. Qf3 dxc3 19. bxc3 Na4 20. d4 Bc4 0-1

[Event "Benidorm 2010 - Sub-2300"]
[Site "Benidorm ESP"]
[Date "2010.12.04"]
[Round "2.7"]
[White "Villuendas Valero, Adrian"]
[Black "Saleh, Nagueb"]
[Result "1/2-1/2"]
[WhiteElo "2269"]
[BlackElo "2172"]
[PlyCount "71"]
[EventDate "2010.12.03"]
[EventType "tourn"]
[EventRounds "10"]
[EventCountry "ESP"]
[Source "lmi"]
[SourceDate "2010.12.03"]

1. d4 Nf6 2. Bg5 g6 3. Bxf6 exf6 4. c4 Bg7 5. Nc3 O-O 6. g3 d6 7. Bg2 Nc6 8. e3
Re8 9. Nge2 Bd7 10. O-O Rb8 11. Rb1 Bf5 12. Rc1 a6 13. a3 Na5 14. Na2 Be4 15.
b4 Bxg2 16. Kxg2 Nc6 17. Nac3 Ne7 18. Nf4 Bh6 19. Qf3 c6 20. Rfe1 Bxf4 21. Qxf4
d5 22. c5 Kg7 23. Qf3 Qd7 24. Rb1 f5 25. h4 Ng8 26. a4 Nf6 27. b5 axb5 28. axb5
Ne4 29. bxc6 bxc6 30. Nxe4 fxe4 31. Qf4 Rxb1 32. Rxb1 Re6 33. h5 h6 34. hxg6
Kxg6 35. Qg4+ Kf6 36. Rb8 1/2-1/2

[Event "Benidorm 2010 - Sub-2300"]
[Site "Benidorm ESP"]
[Date "2010.12.04"]
[Round "2.8"]
[White "Nava Pereda, Carlos"]
[Black "Garcia Amoros, Pablo"]
[Result "1-0"]
[WhiteElo "2258"]
[BlackElo "2168"]
[PlyCount "33"]
[EventDate "2010.12.03"]
[EventType "tourn"]
[EventRounds "10"]
[EventCountry "ESP"]
[Source "lmi"]
[SourceDate "2010.12.03"]

1. Nf3 d5 2. g3 e6 3. Bg2 f5 4. O-O Nf6 5. c4 c6 6. d3 Bd6 7. Nc3 Nbd7 8. e4
O-O 9. Qe2 d4 10. Nxd4 Ne5 11. Nb3 Be7 12. d4 Nf7 13. e5 Ne8 14. f4 Qd7 15. Be3
b6 16. d5 Bb7 17. dxc6 1-0

[Event "Benidorm 2010 - Sub-2300"]
[Site "Benidorm ESP"]
[Date "2010.12.04"]
[Round "2.9"]
[White "Gonzalez Aguirre, Luis"]
[Black "Carbonell Bofill, Carlos Eloy"]
[Result "1/2-1/2"]
[WhiteElo "2155"]
[BlackElo "2256"]
[PlyCount "70"]
[EventDate "2010.12.03"]
[EventType "tourn"]
[EventRounds "10"]
[EventCountry "ESP"]
[Source "lmi"]
[SourceDate "2010.12.03"]

1. c4 e5 2. g3 Nf6 3. Bg2 c5 4. Nc3 Nc6 5. d3 g6 6. Bg5 Nd4 7. e3 Ne6 8. Bxf6
Qxf6 9. Nge2 Bh6 10. Nd5 Qd8 11. Nec3 d6 12. O-O O-O 13. f4 exf4 14. gxf4 Bd7
15. Ne4 Bc6 16. Nef6+ Kh8 17. f5 Nc7 18. Ng4 Bg5 19. e4 h5 20. fxg6 Bxd5 21.
exd5 hxg4 22. Qxg4 Be3+ 23. Kh1 Qg5 24. Qd7 Rg8 25. Rf3 Rxg6 26. Rg3 Qxg3 27.
hxg3 Rag8 28. Rf1 Rh6+ 29. Bh3 Rxg3 30. Qc8+ Kg7 31. Rxf7+ Kxf7 32. Qd7+ Kg8
33. Qd8+ Kf7 34. Qd7+ Kf8 35. Qd8+ Kf7 1/2-1/2

[Event "Benidorm 2010 - Sub-2300"]
[Site "Benidorm ESP"]
[Date "2010.12.04"]
[Round "2.10"]
[White "Diaz Nunez, Adolfo"]
[Black "Munoz Navarro, Alberto"]
[Result "1/2-1/2"]
[WhiteElo "2248"]
[BlackElo "2167"]
[PlyCount "37"]
[EventDate "2010.12.03"]
[EventType "tourn"]
[EventRounds "10"]
[EventCountry "ESP"]
[Source "lmi"]
[SourceDate "2010.12.03"]

1. Nf3 d5 2. d4 Nf6 3. c4 c6 4. e3 g6 5. Nc3 Bg7 6. Be2 O-O 7. O-O Qd6 8. Bd2
Nbd7 9. cxd5 Nxd5 10. Nxd5 Qxd5 11. Bb4 c5 12. dxc5 Qxd1 13. Raxd1 Bxb2 14. c6
bxc6 15. Bxe7 Re8 16. Bd6 Nf8 17. Rd2 Bf6 18. Rc1 Be6 19. Rxc6 1/2-1/2

[Event "Benidorm 2010 - Sub-2300"]
[Site "Benidorm ESP"]
[Date "2010.12.04"]
[Round "2.12"]
[White "Lopez Colon, Francisco"]
[Black "Celaya Tapiz, Jose Maria"]
[Result "1-0"]
[WhiteElo "2141"]
[BlackElo "2246"]
[PlyCount "77"]
[EventDate "2010.12.03"]
[EventType "tourn"]
[EventRounds "10"]
[EventCountry "ESP"]
[Source "lmi"]
[SourceDate "2010.12.03"]

1. d4 e5 2. dxe5 Nc6 3. Nf3 Qe7 4. Qd5 Qb4+ 5. c3 Qb6 6. b4 Nge7 7. Qb3 d5 8.
Be3 d4 9. Bxd4 Nxd4 10. Nxd4 Ng6 11. Qd5 c6 12. Qe4 c5 13. bxc5 Bxc5 14. Nd2
O-O 15. Rb1 Qc7 16. f4 Bb6 17. Rb3 Rd8 18. e3 Qe7 19. Bc4 Qh4+ 20. g3 Qh3 21.
e6 Bxd4 22. exf7+ Kf8 23. cxd4 Bf5 24. Qxb7 Rab8 25. Qxb8 Rxb8 26. Rxb8+ Bc8
27. Nf3 Ke7 28. Kf2 h6 29. Rc1 Bg4 30. Re8+ Kd6 31. Bf1 Qh5 32. Rc5 Bf5 33.
f8=Q+ Nxf8 34. Rxf8 g6 35. e4 Ke7 36. Ra8 g5 37. Rxf5 Qg6 38. Rxa7+ Ke8 39.
Bb5+ 1-0

[Event "Benidorm 2010 - Sub-2300"]
[Site "Benidorm ESP"]
[Date "2010.12.04"]
[Round "2.13"]
[White "Inants, Aghasi"]
[Black "Tejero Royo, Fermin"]
[Result "1/2-1/2"]
[WhiteElo "2246"]
[BlackElo "2131"]
[PlyCount "88"]
[EventDate "2010.12.03"]
[EventType "tourn"]
[EventRounds "10"]
[EventCountry "ESP"]
[Source "lmi"]
[SourceDate "2010.12.03"]

1. c4 e5 2. Nc3 Nf6 3. g3 d6 4. Bg2 c6 5. e3 g6 6. Nge2 Bg7 7. O-O O-O 8. Rb1
Be6 9. d3 Nbd7 10. b4 Qc7 11. Bb2 Nh5 12. b5 f5 13. f4 Nhf6 14. Qd2 Rfe8 15.
Rfc1 Bf7 16. a4 Nc5 17. Ba3 Rad8 18. d4 exd4 19. exd4 Nce4 20. Qd3 Qd7 21. a5
d5 22. cxd5 Nxc3 23. Nxc3 Nxd5 24. bxc6 bxc6 25. Bc5 Re3 26. Qd2 Rde8 27. Nxd5
Bxd5 28. Rb8 Bxg2 29. Qxe3 Rxb8 30. Kxg2 h5 31. Re1 Qd5+ 32. Kh3 Kh7 33. Bxa7
Rb2 34. Re2 Rxe2 35. Qxe2 Qxa5 36. Bb8 Qd8 37. Be5 Bf8 38. Qa2 Qd5 39. Qa7+ Kg8
40. Kh4 Qd8+ 41. Kh3 Qd5 42. Qa4 Qf3 43. Qa6 Be7 44. Qa2+ Kf8 1/2-1/2

[Event "Benidorm 2010 - Sub-2300"]
[Site "Benidorm ESP"]
[Date "2010.12.04"]
[Round "2.14"]
[White "Murcia Paredes, Angel"]
[Black "Barzanu, Iulian"]
[Result "1-0"]
[WhiteElo "2134"]
[BlackElo "2242"]
[PlyCount "73"]
[EventDate "2010.12.03"]
[EventType "tourn"]
[EventRounds "10"]
[EventCountry "ESP"]
[Source "lmi"]
[SourceDate "2010.12.03"]

1. e4 Nf6 2. e5 Nd5 3. d4 d6 4. c4 Nb6 5. exd6 cxd6 6. Nc3 g6 7. Be3 Bg7 8. Rc1
O-O 9. Nf3 Bg4 10. Be2 e5 11. dxe5 dxe5 12. O-O Nc6 13. c5 Bxf3 14. Bxf3 Nc4
15. Qe2 Nxe3 16. Qxe3 Rb8 17. Rfd1 Nd4 18. Bd5 Qc7 19. Ne2 Rbd8 20. Nxd4 exd4
21. Qf3 Rb8 22. b4 b6 23. c6 Rbd8 24. b5 Rd6 25. Bc4 Rfd8 26. Rd3 Re8 27. h4
Re7 28. h5 Rd8 29. hxg6 hxg6 30. Qg4 Rde8 31. g3 Qd6 32. Rf3 Bh6 33. Rd1 Bg7
34. Kg2 Kf8 35. Rh1 f5 36. Rxf5+ gxf5 37. Rh8+ 1-0

[Event "Benidorm 2010 - Sub-2300"]
[Site "Benidorm ESP"]
[Date "2010.12.04"]
[Round "2.15"]
[White "Jimenez, Villena Fco Jose"]
[Black "Laabi Chian, Majid"]
[Result "1/2-1/2"]
[WhiteElo "2236"]
[BlackElo "2104"]
[PlyCount "69"]
[EventDate "2010.12.03"]
[EventType "tourn"]
[EventRounds "10"]
[EventCountry "ESP"]
[Source "lmi"]
[SourceDate "2010.12.03"]

1. Nf3 e6 2. c4 Nf6 3. g3 d5 4. Bg2 dxc4 5. Qc2 Nc6 6. Qxc4 Be7 7. d4 O-O 8.
O-O a6 9. Rd1 Bd7 10. Nc3 b5 11. Qd3 b4 12. Nb1 Na5 13. Ne5 Bb5 14. Qc2 Rc8 15.
a4 Be8 16. Bg5 c5 17. Nd2 cxd4 18. Qd3 Qb6 19. Ng4 Bc6 20. Nxf6+ Bxf6 21. Bxf6
gxf6 22. Ne4 Kg7 23. g4 h6 24. Ng3 Bxg2 25. Nh5+ Kh8 26. Nxf6 Kg7 27. Nh5+ Kh8
28. Nf6 Kg7 29. Nd7 Qd6 30. Nxf8 Bb7 31. Qh7+ Kxf8 32. Qxh6+ Ke8 33. Qh8+ Ke7
34. Qh4+ Ke8 35. Qh8+ 1/2-1/2

[Event "Benidorm 2010 - Sub-2300"]
[Site "Benidorm ESP"]
[Date "2010.12.04"]
[Round "2.17"]
[White "Amdouni, Zoubaier"]
[Black "Roqueni Canal, Ramon"]
[Result "1-0"]
[WhiteElo "2233"]
[BlackElo "2246"]
[PlyCount "49"]
[EventDate "2010.12.03"]
[EventType "tourn"]
[EventRounds "10"]
[EventCountry "ESP"]
[Source "lmi"]
[SourceDate "2010.12.03"]

1. e4 Nf6 2. e5 Nd5 3. d4 d6 4. Nf3 Bg4 5. Be2 e6 6. Ng5 Bxe2 7. Qxe2 Be7 8.
Qg4 Nc6 9. Nf3 Qd7 10. O-O g6 11. c4 Nb6 12. Nbd2 O-O-O 13. b3 dxe5 14. dxe5
Qd3 15. Ne4 h5 16. Qf4 Nd4 17. Nxd4 Rxd4 18. Qxf7 Bb4 19. a3 Ba5 20. Nc5 Qc3
21. Be3 Rdd8 22. b4 Nxc4 23. Qxe6+ Kb8 24. Rac1 Qxa3 25. Qxc4 1-0

[Event "Benidorm 2010 - Sub-2300"]
[Site "Benidorm ESP"]
[Date "2010.12.04"]
[Round "2.19"]
[White "Del Valle Cirera, Adria"]
[Black "Campo Echevarria, Juan Francisc"]
[Result "0-1"]
[WhiteElo "2224"]
[BlackElo "2070"]
[PlyCount "54"]
[EventDate "2010.12.03"]
[EventType "tourn"]
[EventRounds "10"]
[EventCountry "ESP"]
[Source "lmi"]
[SourceDate "2010.12.03"]

1. e4 e5 2. Nf3 Nc6 3. Bb5 a6 4. Ba4 Nf6 5. Qe2 b5 6. Bb3 Be7 7. O-O O-O 8. c3
d6 9. Rd1 Na5 10. Bc2 c5 11. d4 Qc7 12. d5 Bd7 13. Nbd2 Nh5 14. Nf1 g6 15. Bh6
Rfe8 16. h3 Nf4 17. Bxf4 exf4 18. Qd2 Nc4 19. Qc1 g5 20. e5 Nxe5 21. Nxe5 dxe5
22. Nd2 f5 23. Nf3 Bf6 24. Re1 e4 25. Nd2 Qe5 26. Nxe4 fxe4 27. Bxe4 Bf5 0-1

[Event "Benidorm 2010 - Sub-2300"]
[Site "Benidorm ESP"]
[Date "2010.12.04"]
[Round "2.30"]
[White "Lopez Heras, Arturo"]
[Black "Martinez Tormo, Jorge"]
[Result "1/2-1/2"]
[WhiteElo "2035"]
[BlackElo "2182"]
[PlyCount "36"]
[EventDate "2010.12.03"]
[EventType "tourn"]
[EventRounds "10"]
[EventCountry "ESP"]
[Source "lmi"]
[SourceDate "2010.12.03"]

1. e4 c5 2. Nf3 Nc6 3. d4 cxd4 4. Nxd4 Nf6 5. Nxc6 bxc6 6. Nc3 e5 7. Be2 d6 8.
O-O Be7 9. Be3 d5 10. exd5 cxd5 11. Bg5 d4 12. Bxf6 Bxf6 13. Ne4 Be7 14. Qd3
Rb8 15. Qg3 O-O 16. Qxe5 Rxb2 17. Bd3 f5 18. Ng3 Bf6 1/2-1/2

[Event "Benidorm 2010 - Sub-2300"]
[Site "Benidorm ESP"]
[Date "2010.12.04"]
[Round "2.31"]
[White "Rios Garcia, Miguel"]
[Black "Prieto Aranguren, Alain"]
[Result "0-1"]
[WhiteElo "2030"]
[BlackElo "2179"]
[PlyCount "57"]
[EventDate "2010.12.03"]
[EventType "tourn"]
[EventRounds "10"]
[EventCountry "ESP"]
[Source "lmi"]
[SourceDate "2010.12.03"]

1. d4 Nf6 2. c4 g6 3. Nc3 Bg7 4. e4 d6 5. f4 O-O 6. Nf3 c5 7. d5 e6 8. Be2 exd5
9. exd5 Na6 10. O-O Re8 11. Re1 Bf5 12. Bd3 Rxe1+ 13. Nxe1 Qd7 14. a3 Re8 15.
Nf3 Nc7 16. Qc2 Bg4 17. Ng5 h6 18. Nge4 Nxe4 19. Nxe4 Bd4+ 20. Kf1 b5 21. Bd2
bxc4 22. Qxc4 Bf5 23. Re1 Bxb2 24. Bc3 Bxc3 25. Qxc3 Nxd5 26. Qc4 Bxe4 27. Rxe4
Ne3+ 28. Rxe3 Rxe3 29. Bxg6 0-1

[Event "Benidorm 2010 - Sub-2300"]
[Site "Benidorm ESP"]
[Date "2010.12.04"]
[Round "2.36"]
[White "Moreno Gracia, Daniel"]
[Black "Tonus, Alex"]
[Result "1-0"]
[WhiteElo "2283"]
[BlackElo "2053"]
[PlyCount "67"]
[EventDate "2010.12.03"]
[EventType "tourn"]
[EventRounds "10"]
[EventCountry "ESP"]
[Source "lmi"]
[SourceDate "2010.12.03"]

1. c4 Nf6 2. Nc3 g6 3. g3 Bg7 4. Bg2 O-O 5. Nf3 d6 6. O-O e5 7. d3 Nc6 8. Rb1
a5 9. a3 h6 10. b4 axb4 11. axb4 Be6 12. b5 Ne7 13. Bb2 Qd7 14. Re1 Bh3 15. Bh1
Ng4 16. d4 exd4 17. Nxd4 Nf5 18. Nd5 Ra2 19. Nxf5 Rxb2 20. Rxb2 Bxb2 21. Qd2
Bg7 22. Nxg7 Kxg7 23. Qd4+ f6 24. Nf4 Ne5 25. Bxb7 Nf7 26. Qa7 Ng5 27. Bc6 Qf7
28. Bd5 Qd7 29. Nxh3 Nxh3+ 30. Kg2 Re8 31. Bc6 Nf4+ 32. gxf4 Qg4+ 33. Kf1 Qh3+
34. Bg2 1-0

[Event "Benidorm 2010 - Sub-2300"]
[Site "Benidorm ESP"]
[Date "2010.12.04"]
[Round "2.37"]
[White "Rodriguez Ferrer, Pablo"]
[Black "Perez Gonzalez, Jose Manuel"]
[Result "0-1"]
[WhiteElo "2101"]
[BlackElo "2281"]
[PlyCount "72"]
[EventDate "2010.12.03"]
[EventType "tourn"]
[EventRounds "10"]
[EventCountry "ESP"]
[Source "lmi"]
[SourceDate "2010.12.03"]

1. e4 c5 2. Nf3 d6 3. Bb5+ Bd7 4. Bxd7+ Qxd7 5. O-O Nf6 6. Re1 Nc6 7. c3 e6 8.
d4 cxd4 9. cxd4 d5 10. e5 Ne4 11. Nbd2 Nxd2 12. Bxd2 Be7 13. Rc1 O-O 14. a3
Rfc8 15. b4 Nd8 16. Bg5 Bxg5 17. Rxc8 Rxc8 18. Nxg5 h6 19. Nf3 Qc6 20. g4 Qc2
21. Qxc2 Rxc2 22. Kf1 a6 23. Re3 Nc6 24. Rd3 Na7 25. Ne1 Rc4 26. Ke2 Nb5 27.
Ke3 Kf8 28. f4 g6 29. Nf3 Rc2 30. a4 Na7 31. Rd2 Rc3+ 32. Rd3 Rc4 33. Rb3 Nc6
34. b5 Na5 35. Ra3 Rb4 36. bxa6 Nc4+ 0-1

[Event "Benidorm 2010 - Sub-2300"]
[Site "Benidorm ESP"]
[Date "2010.12.04"]
[Round "2.46"]
[White "Vlashki, Nino"]
[Black "Spanton, Tim R"]
[Result "1-0"]
[WhiteElo "2225"]
[BlackElo "2030"]
[PlyCount "29"]
[EventDate "2010.12.03"]
[EventType "tourn"]
[EventRounds "10"]
[EventCountry "ESP"]
[Source "lmi"]
[SourceDate "2010.12.03"]

1. e4 e5 2. Nf3 Nc6 3. Bb5 Nf6 4. d3 Ne7 5. Nc3 Ng6 6. d4 c6 7. dxe5 cxb5 8.
exf6 Qxf6 9. Nxb5 Qb6 10. Qd3 Bc5 11. Be3 Bxe3 12. Nd6+ Kf8 13. fxe3 Qxb2 14.
O-O Qb6 15. Qd5 1-0

[Event "Benidorm 2010 - Sub-2300"]
[Site "Benidorm ESP"]
[Date "2010.12.05"]
[Round "3.1"]
[White "Suarez Roa, Jose Francisco"]
[Black "Recuero Guerra, Javier"]
[Result "1/2-1/2"]
[WhiteElo "2209"]
[BlackElo "2287"]
[PlyCount "32"]
[EventDate "2010.12.03"]
[EventType "tourn"]
[EventRounds "10"]
[EventCountry "ESP"]
[Source "lmi"]
[SourceDate "2010.12.03"]

1. e4 d6 2. d4 Nf6 3. Nc3 g6 4. g3 Bg7 5. Bg2 O-O 6. Nge2 Na6 7. O-O c5 8. h3
cxd4 9. Nxd4 Nc5 10. Be3 Bd7 11. Re1 Rc8 12. Qd2 Re8 13. Rad1 Ne6 14. g4 Nxd4
15. Bxd4 Bc6 16. g5 Nd7 1/2-1/2

[Event "Benidorm 2010 - Sub-2300"]
[Site "Benidorm ESP"]
[Date "2010.12.05"]
[Round "3.2"]
[White "Sanchez Barbado, Carlos"]
[Black "Torres Ventosa, Pedro Eugenio"]
[Result "1/2-1/2"]
[WhiteElo "2207"]
[BlackElo "2277"]
[PlyCount "54"]
[EventDate "2010.12.03"]
[EventType "tourn"]
[EventRounds "10"]
[EventCountry "ESP"]
[Source "lmi"]
[SourceDate "2010.12.03"]

1. e4 d6 2. d4 Nf6 3. Nc3 e5 4. Nf3 Nbd7 5. Bc4 Be7 6. O-O O-O 7. Re1 c6 8. a4
b6 9. d5 cxd5 10. Nxd5 Bb7 11. b3 Rc8 12. Re2 Nc5 13. Nxf6+ Bxf6 14. Bd5 Bxd5
15. Qxd5 Ne6 16. c4 Re8 17. Be3 g6 18. a5 bxa5 19. Qxa5 Rb8 20. Qc3 a5 21. Rea2
Nd4 22. Bxd4 exd4 23. Qd3 Qb6 24. Nd2 Bg5 25. Nf3 Bf6 26. Nd2 Bg5 27. Nf3 Bf6
1/2-1/2

[Event "Benidorm 2010 - Sub-2300"]
[Site "Benidorm ESP"]
[Date "2010.12.05"]
[Round "3.3"]
[White "Alcaraz Ortega, Javier"]
[Black "Mirete Bernabe, Marco Antonio"]
[Result "1/2-1/2"]
[WhiteElo "2274"]
[BlackElo "2202"]
[PlyCount "52"]
[EventDate "2010.12.03"]
[EventType "tourn"]
[EventRounds "10"]
[EventCountry "ESP"]
[Source "lmi"]
[SourceDate "2010.12.03"]

1. Nf3 Nf6 2. c4 g6 3. d4 Bg7 4. Nc3 c5 5. e4 cxd4 6. Nxd4 d6 7. Be2 O-O 8. Be3
Nbd7 9. f3 a6 10. Qd2 e6 11. O-O Qc7 12. Rac1 b6 13. Rfd1 Rd8 14. Bf1 Bb7 15.
b4 Rac8 16. Qf2 Qb8 17. Na4 d5 18. exd5 exd5 19. c5 bxc5 20. Nxc5 Nxc5 21. bxc5
Qa8 22. Rc2 Nd7 23. Nb3 Bc6 24. Bd4 Ne5 25. Re1 Re8 26. Rce2 Nc4 1/2-1/2

[Event "Benidorm 2010 - Sub-2300"]
[Site "Benidorm ESP"]
[Date "2010.12.05"]
[Round "3.4"]
[White "Iñigo Munoz, Javier"]
[Black "Nava Pereda, Carlos"]
[Result "0-1"]
[WhiteElo "2188"]
[BlackElo "2258"]
[PlyCount "95"]
[EventDate "2010.12.03"]
[EventType "tourn"]
[EventRounds "10"]
[EventCountry "ESP"]
[Source "lmi"]
[SourceDate "2010.12.03"]

1. c4 c5 2. Nc3 g6 3. g3 Bg7 4. Bg2 Nc6 5. e4 e6 6. Nge2 Nge7 7. d3 O-O 8. O-O
h6 9. Rb1 Nd4 10. a3 Nxe2+ 11. Qxe2 Nc6 12. Be3 d6 13. Qd2 Kh7 14. b4 Qe7 15.
Na4 Nd4 16. bxc5 dxc5 17. Qa5 Qd8 18. Qxc5 Ne2+ 19. Kh1 Bd7 20. Nb2 Bc6 21. e5
Bxg2+ 22. Kxg2 b6 23. Qb4 Bxe5 24. Qd2 Nd4 25. Bxh6 Re8 26. Nd1 Qd6 27. Be3
Qxa3 28. Nc3 Qd6 29. Ne4 Qc6 30. Bxd4 Bxd4 31. Kg1 Kg7 32. Qe2 Rad8 33. Rb3 a5
34. Rb5 a4 35. h4 e5 36. h5 gxh5 37. Qxh5 Qg6 38. Qf3 a3 39. Nd2 Bc5 40. Ne4
Bd4 41. Nd2 Rh8 42. Nb3 Bc3 43. Rd1 a2 44. c5 e4 45. dxe4 Rxd1+ 46. Qxd1 Qxe4
47. f3 Qh7 48. Kf1 0-1

[Event "Benidorm 2010 - Sub-2300"]
[Site "Benidorm ESP"]
[Date "2010.12.05"]
[Round "3.5"]
[White "Prieto Aranguren, Alain"]
[Black "Amdouni, Zoubaier"]
[Result "1-0"]
[WhiteElo "2179"]
[BlackElo "2233"]
[PlyCount "72"]
[EventDate "2010.12.03"]
[EventType "tourn"]
[EventRounds "10"]
[EventCountry "ESP"]
[Source "lmi"]
[SourceDate "2010.12.03"]

1. e4 c5 2. Nf3 Nc6 3. d4 cxd4 4. Nxd4 e5 5. Nb5 d6 6. N1c3 a6 7. Na3 b5 8. Nd5
Nf6 9. Bg5 Be7 10. Bxf6 Bxf6 11. c3 Bg5 12. h4 Bh6 13. Nc2 O-O 14. a4 bxa4 15.
Rxa4 a5 16. Nce3 Be6 17. Bc4 Bxe3 18. Nxe3 Ne7 19. h5 Rc8 20. Qd3 Qb6 21. O-O
Rfd8 22. Rfa1 Rc5 23. b4 axb4 24. cxb4 Rcc8 25. Bxe6 fxe6 26. Qb3 Kf7 27. Ra6
Qd4 28. Nf5 Nxf5 29. exf5 Qc4 30. Ra7+ Kg8 31. Qg3 Rc7 32. fxe6 Rdc8 33. Rxc7
Qxc7 34. Qf3 Rf8 35. Ra8 Qc1+ 36. Kh2 Qf4+ 1-0

[Event "Benidorm 2010 - Sub-2300"]
[Site "Benidorm ESP"]
[Date "2010.12.05"]
[Round "3.6"]
[White "Molvig, Henrik"]
[Black "Ladron De Guevara Pinto, Paolo"]
[Result "1/2-1/2"]
[WhiteElo "2178"]
[BlackElo "2232"]
[PlyCount "111"]
[EventDate "2010.12.03"]
[EventType "tourn"]
[EventRounds "10"]
[EventCountry "ESP"]
[Source "lmi"]
[SourceDate "2010.12.03"]

1. d4 Nf6 2. c4 c5 3. d5 e6 4. Nc3 exd5 5. cxd5 d6 6. e4 g6 7. f4 Bg7 8. Bb5+
Nfd7 9. a4 O-O 10. Nf3 a6 11. Bd3 Qc7 12. O-O b6 13. Kh1 Bb7 14. Qe1 Re8 15.
Qh4 Nf8 16. f5 Nbd7 17. Bh6 Qd8 18. Bg5 f6 19. Bd2 g5 20. Qf2 Ne5 21. Nxe5 Rxe5
22. Ne2 Nd7 23. Ng1 c4 24. Bc2 Nc5 25. Rfe1 Qe7 26. Qd4 g4 27. Bf4 Re8 28. Bxe5
Qxe5 29. Qxe5 Rxe5 30. Ne2 Bh6 31. Nc3 Bg5 32. Rad1 h5 33. Rd4 Kf7 34. Rxc4 Bd2
35. Rd1 Bxc3 36. Rxc3 a5 37. h3 Ke7 38. Kg1 Kd7 39. hxg4 hxg4 40. Rg3 Nxe4 41.
Rxg4 Ng5 42. Kf2 Ba6 43. Bd3 Bb7 44. Rd4 Kc7 45. Re1 Rxd5 46. Rxd5 Bxd5 47. g3
Bb3 48. Bb5 d5 49. Ke3 Kd6 50. Kf4 d4 51. Re8 Bd5 52. Rf8 Nh3+ 53. Kg4 Nf2+ 54.
Kf4 Nh3+ 55. Kg4 Nf2+ 56. Kf4 1/2-1/2